Reziprozität, Qualität von Familienbeziehungen und die intergenerationale Transmission von Beziehungskompetenz

Gespeichert in:  
Bibliographische Detailangaben
VerfasserInnen: Gerris, Jan R. M. (Verfasst von) ; Grundmann, Matthias (Verfasst von)
Medienart: Druck Aufsatz
Sprache:Deutsch
Veröffentlicht: 2002
In: Zeitschrift für Soziologie der Erziehung und Sozialisation
Jahr: 2002, Band: 22, Heft: 1, Seiten: 3-24
Verfügbarkeit prüfen: HBZ Gateway
Schlagwörter:

MARC

LEADER 00000caa a22000002c 4500
001 1639220798
003 DE-627
005 20220608124432.0
007 tu
008 160223s2002 xx ||||| 00| ||ger c
035 |a (DE-627)1639220798 
035 |a (DE-576)455804206 
035 |a (DE-599)BSZ455804206 
040 |a DE-627  |b ger  |c DE-627  |e rakwb 
041 |a ger 
100 1 |a Gerris, Jan R. M.  |4 aut 
245 1 0 |a Reziprozität, Qualität von Familienbeziehungen und die intergenerationale Transmission von Beziehungskompetenz  |c Jan R.M Gerris, Matthias Grundmann 
264 1 |c 2002 
336 |a Text  |b txt  |2 rdacontent 
337 |a ohne Hilfsmittel zu benutzen  |b n  |2 rdamedia 
338 |a Band  |b nc  |2 rdacarrier 
700 1 |a Grundmann, Matthias  |4 aut 
773 0 8 |i In  |t Zeitschrift für Soziologie der Erziehung und Sozialisation  |d Weinheim : Beltz Juventa, 1998  |g 22(2002), 1, Seite 3-24  |w (DE-627)240446682  |w (DE-600)1416474-7  |w (DE-576)06453832X  |x 1436-1957  |7 nnas 
773 1 8 |g volume:22  |g year:2002  |g number:1  |g pages:3-24 
935 |a mkri 
951 |a AR 
ELC |b 1 
LOK |0 000 xxxxxcx a22 zn 4500 
LOK |0 001 3299604813 
LOK |0 003 DE-627 
LOK |0 004 1639220798 
LOK |0 005 20160223094911 
LOK |0 008 160208||||||||||||||||ger||||||| 
LOK |0 040   |a DE-21-110  |c DE-627  |d DE-21-110 
LOK |0 689   |a s  |a Familienbeziehung 
LOK |0 689   |a s  |a Eltern-Kind-Interaktion 
LOK |0 689   |a s  |a Erziehungsstil 
LOK |0 689   |a s  |a Kommunikation 
LOK |0 689   |a s  |a Generationenvergleich 
LOK |0 852   |z Kein Bestand am IfK; Nachweis für KrimDok 
LOK |0 852   |a DE-21-110 
LOK |0 852 1  |m v  |9 00 
LOK |0 935   |a k110 
LOK |0 938   |k v 
LOK |0 939   |a 08-02-16  |b l01 
ORI |a SA-MARC-krimdoka001.raw